Proverbios morales / (Record n. 28390)

Dettagli MARC
000 -LEADER
fixed length control field 00838nam a2200253 i 4500
003 - CONTROL NUMBER IDENTIFIER
control field IT-RoINE
005 - DATE AND TIME OF LATEST TRANSACTION
control field 20190114055912.0
008 - FIXED-LENGTH DATA ELEMENTS--GENERAL INFORMATION
fixed length control field 050606s1986 sp af |r |001|pdspa|d
020 ## - INTERNATIONAL STANDARD BOOK NUMBER
International Standard Book Number 8470394703
040 ## - CATALOGING SOURCE
Original cataloging agency UPSA
Transcribing agency esslup IT-RoINE
Modifying agency IT-RoINE
100 1# - MAIN ENTRY--PERSONAL NAME
Personal name Sem Tob de Carrión,
9 (RLIN) 23137
Dates associated with a name ca. 1290-1369
245 10 - TITLE STATEMENT
Title Proverbios morales /
Statement of responsibility, etc Sem Tob ; edición, introducción y notas de Sanford Shepard.
260 ## - PUBLICATION, DISTRIBUTION, ETC. (IMPRINT)
Place of publication, distribution, etc Madrid :
Name of publisher, distributor, etc Castalia,
Date of publication, distribution, etc 1986.
300 ## - PHYSICAL DESCRIPTION
Extent 269 p., [4] p. de lám. :
Other physical details il. ;
Dimensions 19 cm.
336 ## - CONTENT TYPE
Source rdacontent
Content type term text
337 ## - MEDIA TYPE
Source rdamedia
Media type term unmediated
338 ## - CARRIER TYPE
Source rdacarrier
Carrier type term volume
490 1# - SERIES STATEMENT
Series statement Clásicos Castalia ;
Volume number/sequential designation 149
500 ## - GENERAL NOTE
General note Incluye índice.
504 ## - BIBLIOGRAPHY, ETC. NOTE
Bibliography, etc Bibliografía: p. 69-72.
700 1# - ADDED ENTRY--PERSONAL NAME
Personal name Shepard, Sanford,
9 (RLIN) 26513
Dates associated with a name 1928-
830 #0 - SERIES ADDED ENTRY--UNIFORM TITLE
9 (RLIN) 34162
Uniform title Clásicos Castalia ;
Volume number/sequential designation 149
942 ## - ADDED ENTRY ELEMENTS (KOHA)
Item type Monografías
Dati di copia
Withdrawn status Lost status Damaged status Not for loan Home library Current library Date acquired Total Checkouts Full call number Barcode Date last seen Price effective from Koha item type
        Iglesia Nacional Española en Roma Iglesia Nacional Española en Roma 14/01/2019   LEN.LIT 1202 54177 14/01/2019 14/01/2019 Monografías